Democratic peace-builiding and conflict prevention : the devil is in the transition /

Bibliographic Details
Main Author: Reychler, Luc
Format: Book
Language:English
Published: Leuven, Belgium : Leuven University Press, 1999.
Subjects:

MARC

Tag First Indicator Second Indicator Subfields
LEADER 00000cam a2200000Ia 4500
001 in00001533621
005 20151022053648.0
008 000505s1999 be a b 001 0 eng d
020 |a 9061869854 
035 |a (OCoLC)ocm43986420 
040 |a MBB  |c MBB  |d TXA  |d UtOrBLW 
049 |a TXAM 
090 |a JC423  |b .R454 1999 
100 1 |a Reychler, Luc. 
245 1 0 |a Democratic peace-builiding and conflict prevention :  |b the devil is in the transition /  |c Luc Reychler. 
264 1 |a Leuven, Belgium :  |b Leuven University Press,  |c 1999. 
300 |a 176 pages :  |b illustrations ;  |c 20 cm. 
336 |a text  |b txt  |2 rdacontent 
337 |a unmediated  |b n  |2 rdamedia 
338 |a volume  |b nc  |2 rdacarrier 
504 |a Includes bibliographical references (pages 149-170) and index. 
650 0 |a Democratization. 
650 0 |a Democracy. 
650 0 |a Political stability. 
994 |a E0  |b TXA 
948 |a cataloged  |b h  |c 2000/5/23  |d c  |e creed  |f 11:32:17 am 
999 |a MARS 
999 f f |s 3332161f-6fa7-3b52-87d9-3b4b06dde4fc  |i efff4027-278e-341f-b9e7-d96e8413cbff  |t 0 
952 f f |p ric  |a Texas A&M University  |b Rellis Campus  |c Joint Library Facility  |d Remote Storage  |t 0  |e JC423 .R454 1999  |h Library of Congress classification  |i unmediated -- volume  |m A14826135375 
998 f f |a JC423 .R454 1999  |t 0  |l Remote Storage